| 000 | 01055nam a22002657a 4500 | ||
|---|---|---|---|
| 999 |
_c15701 _d15701 |
||
| 003 | MIRAKIL | ||
| 005 | 20240321113846.0 | ||
| 008 | 240321b tu ||||| |||| 00| 0 tur d | ||
| 020 | _a9789751623775 | ||
| 040 |
_aTR-AnCHP _cTR-AnCHP |
||
| 041 | _atur | ||
| 082 |
_a398.5 _bÖ91 2011 |
||
| 245 | 1 | 0 |
_aÖzbek destanları 4 / _chazırlayanlar: Töre Mirzayev, Cabbar İşankul ; Türkiye Türkçesine aktaran: Rıdvan Öztürk. |
| 250 | _a1. bsk. | ||
| 260 |
_aAnkara : _bTürk Dil Kurumu, _c2011. |
||
| 300 |
_ac. "4." (491 s.) ; _c24 cm. |
||
| 490 | 0 |
_aAtatürk Kültür, Dil ve Tarih Yüksek Kurumu Türk Dil Kurumu yayınları ; _v1024. |
|
| 490 | 0 |
_aTürk Dünyası Destanlarının Tespiti, Türkiye Türkçesine Aktarılması ve Yayımlanması Projesi: _v43 |
|
| 500 | _aİçindekiler: c.4.: Huşkeldi ve Belagerdan | ||
| 504 | _aKaynakça: 491. s. | ||
| 650 | 0 |
_97722 _aDestanlar _zÖzbek |
|
| 856 | _zDijital Nüshası için Partimizin Kütüphane Sorumlusu ile iletişime geçiniz. | ||
| 942 |
_2ddc _cBKS |
||
| 999 | _d15701 | ||